000 00775na a2200277 4500
001 17257
003 MIRAKIL
005 20181213155122.0
008 161023b tu 000 0
020 _a9786055980313
035 _a17257
040 _aMilas
_btur
_cTR-AnCHP
041 _atur
082 _a344.0102632
_bİ74 2008
090 _a344.0102632 İ74 2008
245 _aİş kanunları
_cYayın danışmanı Gürsel Yalvaç
250 _a4. bs.
260 _aAnkara
_bAdalet Yayınevi
_c2008
300 _avi, 313 s.
_c14 sm.
490 _aHukuk Yayınları dizisi
_v323
650 _aİş (Çalışma)
_xHukuk ve mevzuat
_zTürkiye
650 _aİş hukuku
_xKanunlar
_zTürkiye
657 _aİş Kanunu
700 _aYalvaç, Gürsel
942 _2ddc
_cBKS
999 _c6864
_d6864